| 000 | 01693nam a22003015i 4500 | ||
|---|---|---|---|
| 001 | 162686 | ||
| 003 | ES-MaACL | ||
| 005 | 20250808063541.0 | ||
| 008 | 050620s1897 sp | |||||||| ||spa d | ||
| 040 |
_aCAM _bspa _cCAM |
||
| 080 | _a908(460.41)"18" | ||
| 080 | _a913(460.41)"18" | ||
| 100 | 1 |
_aPuerta Canseco, Juan de la, _d1827-1902 _eaut _994174 |
|
| 245 | 1 | 0 |
_aDescripción geográfica de las islas Canarias / _cpor D. Juan de la Puerta Canseco |
| 250 | _aNueva ed. corr. y aum. | ||
| 260 |
_aSanta Cruz de Tenerife : _bAnselmo J. Benítez, _c1897 |
||
| 300 |
_a92 páginas, [25] hojas de láminas, [1] hoja plegada de mapa ; _c22 cm |
||
| 530 | _aDisponible en formato digital | ||
| 599 | _aLáminas, fotografías de: Santa Cruz de Tenerife; Teide (Volcán); Santa Cruz de Tenerife (Puerto); Santa Cruz de Tenerife; La Laguna (Tenerife); La Orotava (Valle); La Orotava (Tenerife); Tenerife; Gran Canaria (Puerto); Gran Canaria; p. 54. Gando (Gran Canaria); Las Palmas de Gran Canaria; Tafira (Gran Canaria); Santa María de Guía (Gran Canaria); Gran Canaria. Fabrica azucarera; Santa Cruz de la Palma (La Palma); La Caldera de Taburiente (Parque nacional); Arrecife (Lanzarote); Puerto del Rosario (Fuerteventura); San Sebastián de la Gomera; Valverde (Hierro) | ||
| 599 | _aMapa del archipiélago canario: islas Canarias | ||
| 651 | 4 |
_aCanarias- _xDescripción- _yS.XIX _9241649 |
|
| 852 |
_aES-MaACL _cDEPOF _j1597-F-11 |
||
| 856 | 4 |
_uhttps://bdh-rd.bne.es/viewer.vm?id=0000000215&page=1 _yVersión en línea _z(Biblioteca Digital Hispánica) |
|
| 942 |
_2udc _cFOLLETOS _n0 |
||
| 999 |
_c162686 _d162686 |
||